|
|
|
|
| LEADER |
00788nam a2200217 a 4500 |
| 001 |
14524219 |
| 008 |
090714s2006 bg 000 0 eng d |
| 010 |
|
|
|a 2006414882
|
| 020 |
|
|
|a 9848715010
|
| 040 |
|
|
|a DLC
|c DLC
|
| 082 |
0 |
0 |
|a 821.914
|2 22
|
| 100 |
1 |
|
|a Jahan, Sabahat,
|d 1977-
|
| 245 |
1 |
0 |
|a Rough edges /
|c Sabahat Jahan.
|
| 260 |
|
|
|a Dhaka :
|b Writers.ink :
|b Distributed by the University Press Ltd.,
|c 2006.
|
| 300 |
|
|
|a 86 p. ;
|c 20 cm.
|
| 500 |
|
|
|a Poems.
|
| 541 |
1 |
|
|e 00015536
|
| 650 |
|
0 |
|a Bengali poetry
|x Translations into English
|
| 852 |
4 |
|
|a Ayesha Abed Library
|j General shelf
|
| 999 |
|
|
|c 2429
|d 2429
|
| 952 |
|
|
|0 0
|1 0
|2 ddc
|4 0
|6 821_914000000000000_JAH
|7 0
|9 2242
|a BRACUL
|b BRACUL
|c GEN
|d 2009-07-14
|g 200.00
|l 4
|m 3
|o 821.914 JAH
|p 3010015536
|r 2024-09-09
|s 2024-09-02
|t 1
|v 400.00
|w 2009-07-14
|y BK
|